| 000 | 00944cam a2200397ua 4500 | ||
|---|---|---|---|
| 020 | _c2.25 | ||
| 041 |
_amal _h |
||
| 082 |
_a574 _bMAH/JE |
||
| 100 | _aMaheswari, P . | ||
| 245 |
_aJeevasastram (Biology)-2 / _cP.Maheswari. _hTextual Documents |
||
| 260 |
_aThiruvananthapuram : _bState Instititute of Languages , _c1964. |
||
| 300 | _a147 ; . | ||
| 365 | _a2.25 | ||
| 504 | _a | ||
| 700 | 1 | _aManohar, Lal . | |
| 942 | _cBK | ||
| 999 |
_c6167 _d6167 |
||